Soul Hustlers (Record no. 6160)

MARC details
000 -LEADER
fixed length control field 00628nam a2200241 a 4500
020 ## - INTERNATIONAL STANDARD BOOK NUMBER
ISBN
082 00 - DEWEY DECIMAL CLASSIFICATION NUMBER
Classification number 133
Author Cutter NOO
100 ## - MAIN ENTRY--AUTHOR NAME
Author name Noorbergen, Rene
245 ## - TITLE STATEMENT
Title Soul Hustlers
Sub title an Expose of the Astrology, the Ufo Mystery That Will
260 ## - PUBLICATION, DISTRIBUTION, ETC. (IMPRINT)
Place of publication Michigan
Name of publisher Zondervan Publishing House
Year of publication 1976
300 ## - PHYSICAL DESCRIPTION
Number of Pages 190p
500 ## - GENERAL NOTE
General note includes index and biblioraphy
505 2# - FORMATTED CONTENTS NOTE
Formatted contents note Bibliography
650 ## - SUBJECT ADDED ENTRY--TOPICAL TERM
Topical Term Occultism
942 ## - ADDED ENTRY ELEMENTS (KOHA)
Koha item type Books
700 1# -
-- Noorbergen, Rene
Holdings
Collection code Home library Current library Date acquired Cost, normal purchase price Full call number Accession Number Koha item type
  Henry Martyn Institute Library Henry Martyn Institute Library 03/15/2007 100.00 133 NOO 09101 Books
                   Copyright © 2026 | Henry Martyn Institute | Hyderabad | TS-500052 | INDIA | Implemented by hmi.edu.in
Hit-Count:

Powered by Koha